000 00931nam a2200241Ia 4500
003 OSt
005 20220923220632.0
006 a|||||r|||| 00| 0
007 ta
008 220922b |||||||| |||| 00| 0 hin d
024 _a188,166
037 _cTextual
040 _aARTS
_cARTS
_bhin
041 _2hin
_ahin
082 _aV4:19(zK).N7, 152L8.1-.2
100 _aपाण्डे, दिनेश चन्द्र
245 0 _aद्वि धु्रवीयता में गुट निरपेक्षता (1945-74)
246 _aDvi dhuravīyatā mean guṭ nirapekṣhatā (1945-74)
260 _aलखनऊ
_b उत्तर प्रदेश हिन्दी संस्थान
_c1978
650 _aविश्व-इतिहास
942 _hV4:19(zK).N7, 152L8.1-.2
_cTEXL
_2CC
999 _c341242
_d341242